LEADER 03379nam 22005652 450 001 9910159459203321 005 20170302145106.0 010 $a1-108-24041-0 010 $a1-108-24071-2 010 $a1-108-24077-1 010 $a1-107-57028-X 010 $a1-316-41694-1 010 $a1-108-24083-6 010 $a1-108-24089-5 010 $a1-108-24113-1 035 $a(CKB)3710000001008889 035 $a(UkCbUP)CR9781316416945 035 $a(MiAaPQ)EBC4783985 035 $a(EXLCZ)993710000001008889 100 $a20150324d2017|||| uy| 0 101 0 $aeng 135 $aur||||||||||| 181 $ctxt$2rdacontent 182 $cc$2rdamedia 183 $acr$2rdacarrier 200 12$aA handbook of primary commodities in the global economy /$fMarian Radetzki and Linda Wa?rell$b[electronic resource] 205 $aSecond edition. 210 1$aCambridge :$cCambridge University Press,$d2017. 215 $a1 online resource (ix, 305 pages) $cdigital, PDF file(s) 300 $aTitle from publisher's bibliographic system (viewed on 28 Feb 2017). 311 $a1-107-12980-X 311 $a1-108-24107-7 320 $aIncludes bibliographical references and index 327 $aIntroduction -- The historical framework -- The geography of commodity production and trade -- Comparative advantage and the trade policy distortions -- The fossil fuels -- Price formation and price trends in commodities -- Commodity booms -- The commodity exchanges, commodity investments and speculation -- Sustainability and the threats of resource depletion -- Fears of and measures to assure supply security -- Producer cartels in international commodity markets -- Public ownership in primary commodity production -- The monoeconomies: issues raised by heavy dependence on commodity production and exports. 330 $aThe 2010s have been a dramatic period for most primary commodity markets. Producers suffered heavily as prices fell in response to new supply facilities going into production, juxtaposed against disappointing demand evolution from China in particular, marking the end of the most powerful and enduring commodity boom since the Second World War. This book is a guide to the primary commodity universe, an increasingly crucial part of the world economy. In this updated edition, Marian Radetzki and Linda Wa?rell introduce and explain pertinent issues surrounding international commodity markets, including the importance of fossil markets among commodities, price formation, price trends, the shift in primary commodity consumption towards Asia, the increasing reliance on commodity exchanges, new relaxed attitude towards depletion, cartel action, and the revival of nationalism and state ownership. This is an accessible read for graduates, academic researchers, and professionals in the mineral and energy sectors. 606 $aPrimary commodities 606 $aPrimary commodities$xPrices 606 $aCommercial policy 615 0$aPrimary commodities. 615 0$aPrimary commodities$xPrices. 615 0$aCommercial policy. 676 $a338/.02 700 $aRadetzki$b Marian$0232909 702 $aWa?rell$b Linda 801 0$bUkCbUP 801 1$bUkCbUP 906 $aBOOK 912 $a9910159459203321 996 $aA handbook of primary commodities in the global economy$92584275 997 $aUNINA LEADER 03092nam 22005775 450 001 9910484548903321 005 20250316162624.0 010 $a9783030520748 010 $a3030520749 024 7 $a10.1007/978-3-030-52074-8 035 $a(CKB)4100000011558708 035 $a(DE-He213)978-3-030-52074-8 035 $a(MiAaPQ)EBC6383599 035 $a(MiAaPQ)EBC6647499 035 $a(Au-PeEL)EBL6383599 035 $a(OCoLC)1236263048 035 $a(Au-PeEL)EBL6647499 035 $a(OCoLC)1225562938 035 $a(PPN)252509641 035 $a(EXLCZ)994100000011558708 100 $a20201102d2020 u| 0 101 0 $aeng 135 $aurnn#008mamaa 181 $ctxt$2rdacontent 182 $cc$2rdamedia 183 $acr$2rdacarrier 200 10$aLinear Model Theory $eExercises and Solutions /$fby Dale L. Zimmerman 205 $a1st ed. 2020. 210 1$aCham :$cSpringer International Publishing :$cImprint: Springer,$d2020. 215 $a1 online resource (VII, 353 p. 4 illus.) 311 08$a9783030520731 311 08$a3030520730 327 $a1 A Brief Introduction -- 2 Selected Matrix Algebra Topics and Results -- 3 Generalized Inverses and Solutions to Sytems of Linear Equations -- 4 Moments of a Random Vector and of Linear and Quadratic Forms in a Random Vector -- 5 Types of Linear Models -- 6 Estimability -- 7 Least Squares Estimation for the Gauss-Markov Model -- 8 Least Squares Geometry and the Overall ANOVA -- 9 Least Squares Estimation and ANOVA for Partitioned Models -- 10 Constrained Least Squares Estimation and ANOVA -- 11 Best Linear Unbiased Estimation for the Aitken Model -- 12 Model Misspecification -- 13 Best Linear Unbiased Prediction -- 14 Distribution Theory -- 15 Inference for Estimable and Predictable Functions -- 16 Inference for Variance-Covariance Parameters -- 17 Empirical BLUE and BLUP. 330 $aThis book contains 296 exercises and solutions covering a wide variety of topics in linear model theory, including generalized inverses, estimability, best linear unbiased estimation and prediction, ANOVA, confidence intervals, simultaneous confidence intervals, hypothesis testing, and variance component estimation. The models covered include the Gauss-Markov and Aitken models, mixed and random effects models, and the general mixed linear model. Given its content, the book will be useful for students and instructors alike. Readers can also consult the companion textbook Linear Model Theory - With Examples and Exercises by the same author for the theory behind the exercises. 606 $aStatistics 606 $aAlgebras, Linear 606 $aStatistical Theory and Methods 606 $aLinear Algebra 615 0$aStatistics. 615 0$aAlgebras, Linear. 615 14$aStatistical Theory and Methods. 615 24$aLinear Algebra. 676 $a519.5 700 $aZimmerman$b Dale L.$0845466 801 0$bMiAaPQ 801 1$bMiAaPQ 801 2$bMiAaPQ 906 $aBOOK 912 $a9910484548903321 996 $aLinear Model Theory$91887119 997 $aUNINA